000
00306nam a2200121Ia 4500
008
191201s2005 xx 000 0 und d
100
_a
HANDA, D
245
0
_a
Mechanical Engineering (Objective Type)
260
_a
N.Delhi
_b
Satya Prakashan
_c
2005
300
_a
1416
650
_a
B.Tech(ME)
942
_2
ddc
_c
BK
999
_c
2362
_d
2362